Państwa Cesarstwa Rzymskiego - Statystyki

Ogólne statystyki
  • Ten quiz został rozwiązany 3 853 razy
    3 584 od ostatniego zresetowania
  • Średni wynik to 40 z 50
Statystyki odpowiedzi
% terytorium pod kontrolą Rzymu Państwo % Poprawnych
100% Włochy
99%
99% Francja
95%
99% Hiszpania
95%
20% Niemcy
95%
100% Grecja
93%
100% Turcja
93%
70% Egipt
92%
99% Portugalia
91%
100% Chorwacja
89%
100% Austria
88%
5% Maroko
88%
100% Serbia
88%
80% Wielka Brytania
87%
70% Rumunia
86%
100% Belgia
85%
100% Izrael
85%
100% Słowenia
85%
100% Szwajcaria
85%
100% Watykan
85%
99% Holandia
84%
100% San Marino
84%
5% Algieria
83%
100% Bułgaria
83%
70% Węgry
83%
100% Bośnia i Hercegowina
82%
80% Irak
81%
10% Iran
81%
100% Kosowo
81%
100% Albania
80%
100% Macedonia Północna
80%
100% Czarnogóra
79%
100% Luksemburg
79%
100% Andora
78%
<1% Rosja
78%
85% Tunezja
78%
5% Libia
77%
100% Liechtenstein
77%
<5% Arabia Saudyjska
76%
90% Syria
75%
100% Monako
73%
100% Gruzja
70%
10% Ukraina
69%
100% Malta
68%
100% Armenia
66%
100% Cypr
65%
90% Azerbejdżan
63%
100% Liban
63%
70% Jordania
62%
<5% Sudan
53%
90% Kuwejt
43%
Nie znaleziono quizów pasujących do podanych kryteriów
Rozkład punktacji
Procent ludzi z każdym wynikiem
Percentyl według liczby udzielonych odpowiedzi
Twoja historia wyników
Nie rozwiązałeś tego quizu od ostatniego zresetowania